Treasure Island /

Gespeichert in:
Bibliographische Detailangaben
1. Verfasser: Stevenson, Robert Louis, 1850-1894.
Format: Buch
Sprache:English
Veröffentlicht: Cambridge : Cambridge University Press, 1990.
Schlagworte:
Tags: Tag hinzufügen
Keine Tags, Fügen Sie den ersten Tag hinzu!
Thư viện lưu trữ: Mạng thư viện Đại học Đà Nẵng
LEADER 00922nam a22002771a 4500
001 000040655
003 16950
005 20230420100714.0
008 160412s1990 000
040 |a lnn  |c lnn  |d lnn 
041 0 |a eng 
082 1 4 |a 823.89  |b ST-R 
100 1 |a Stevenson, Robert Louis,  |d 1850-1894. 
245 0 0 |a Treasure Island /  |c Robert Louis Stevenson, 1850-1894. 
260 |a Cambridge :  |b Cambridge University Press,  |c 1990. 
300 |a 48p. 
653 0 4 |a Treasure Island 
OWN |a LNN 
AVA |a UDN50  |b LNN  |c English  |d 823.89ST-R  |e available  |t Error 5001 Not defined in file expand_doc_bib_avail.  |f 1  |g 0  |h N  |i 0  |j AN 
999 |a From the UDN01 
AVA |a UDN50  |b LNN  |c English  |d 823.89ST-R  |e available  |t Error 5001 Not defined in file expand_doc_bib_avail.  |f 1  |g 0  |h N  |i 0  |j AN 
TYP |a Monograph 
980 |a Mạng thư viện Đại học Đà Nẵng